00838nam a2200241 a 450000100060000000300080000600500170001400800410003103500190007204000260009104100080011708200260012510000270015124501430017826000520032130000290037349000420040250400250044465000190046965000290048870000550051770000240057273028BD-RjUL20211209082336.0170527s1963 nyua b 001 0 eng d a(BD-RjUL)73246 aDLCcFOdBD-RjULbeng aeng a572.838223bWAR 19631 aWallace, Bruce,d1920-10aRadiation, genes and man :bbiological aspects of radiation hazards /cby Bruce Wallace and Th. Dobzhansky. Adapted by Frank N. Paparello. aNew York :bHolt, Rinehart and Winston,cc1963. a127 p. :bill. ;c21 cm.0 aHolt library of science, series 1, 11 aBibliography: p. 119 0aRadiogenetics. 0aGeneticsxPopular works.1 aDobzhansky, Theodosius,d1900-1975,ejoint author.1 aPararello, Frank N.